000 00452nam a2200181Ia 4500
005 20250923144616.0
008 008 250917s9999 xx 000 0 eng d
037 _aPeriodicals
040 _aDSWL
_beng
_cDSWL
041 _aeng
_2eng
084 _qDSWL
245 0 _aInternationl Social Science Bulltin, 9, 1957
_cby UNESCO
260 _bUNESCO
_c1957
300 _a549p.
490 _vVol.3, 1957
942 _cCR
999 _c1441117
_d1441117